000 00262nam a2200097Ia 4500
005 20250424112931.0
008 250424s9999 xx 000 0 und d
300 _av. , 452 p. : ill. (some col.) ; 28 cm.
650 _aComputer Engineering--Periodicals
942 _cSR
999 _c37964
_d37964